000 01101cam a2200325 a 4500
001 16162824
003 OSt
005 20230602115606.0
008 100330s2010 enka b 001 0 eng
010 _a 2010305181
015 _aGBA981218
_2bnb
016 7 _a015351270
_2Uk
020 _a9781845118389 (hbk.)
020 _a9781845118389
035 _a(OCoLC)ocn432406277
040 _aUKM
_cUKM
_dBWKUK
_dBWK
_dBTCTA
_dDLC
042 _alccopycat
_alcode
082 0 4 _a079.6762
_bLOU
100 1 _aLoughran, Gerard.
245 1 0 _aBirth of a Nation :
_bthe story of a newspaper in Kenya /
_cGerard Loughran.
260 _aLondon ;
_aNew York :
_bI.B. Tauris,
_c2010.
300 _axvi, 328 p. :
_bill. (some col.) ;
_c25 cm.
504 _aIncludes bibliographical references and index.
610 2 0 _aNation Newspapers (Firm : Nairobi, Kenya)
_xHistory.
650 0 _aNewspapers
_xHistory
_y20th century.
651 0 _aKenya
_xHistory.
906 _a7
_bcbc
_ccopycat
_d3
_encip
_f20
_gy-gencatlg
942 _2ddc
_cBK
999 _c111
_d111